Educación sexual de adolescentes y jóvenes
Gardado en:
| Autor Principal: | |
|---|---|
| Formato: | Libro |
| Idioma: | Lingua castelá |
| Publicado: |
Ciudad de México
Siglo Veintiuno
1995
|
| Edición: | 1a. ed |
| Series: | Salud y Sociedad
|
| Subjects: | |
| Tags: |
Engadir etiqueta
Sen Etiquetas, Sexa o primeiro en etiquetar este rexistro!
|
MARC
| LEADER | 00000nam a2200000 a 4500 | ||
|---|---|---|---|
| 001 | UCH2672 | ||
| 003 | CL-VaPUC | ||
| 008 | 090624e19950000MX |||||||||||||||||spa|d | ||
| 020 | |a 8432308714 | ||
| 082 | 0 | 4 | |a 372.372 |b LOP |2 21 |
| 100 | |a López Sánchez, Félix |e autor |9 537665 | ||
| 245 | 1 | 0 | |a Educación sexual de adolescentes y jóvenes |
| 250 | |a 1a. ed | ||
| 300 | |a 326 p | ||
| 942 | |c BK | ||
| 945 | |d 20090624 00:00:00 |a rbrito | ||
| 260 | |a Ciudad de México |b Siglo Veintiuno |c 1995 | ||
| 650 | 0 | |a Educación sexual |9 308005 | |
| 650 | 0 | |a Adolescentes |9 308058 | |
| 650 | 0 | |a Jóvenes |9 326981 | |
| 650 | 0 | |a Métodos de enseñanza |9 270413 | |
| 583 | |a last modification |c 20170609 10:09:58 |k Rodrigo Vera | ||
| 490 | 0 | |a Salud y Sociedad | |
| 999 | |c 334388 |d 334386 | ||
| 952 | |0 0 |1 0 |4 0 |6 372_372000000000000_LOP_1995 |7 0 |8 A |9 423378 |a BIBEDU |b BIBEDU |d 2019-11-22 |i 4568753 |l 1 |o 372.372 LOP 1995 |p 4568753 |r 2022-06-14 |s 2022-06-14 |w 2019-11-22 |y BK |k PSI | ||